<?xml version="1.0" encoding="UTF-8"?>
<marc:record xmlns:marc="http://www.loc.gov/MARC21/slim">
   <marc:leader>00000nam a2200000 a 4500</marc:leader>
   <marc:datafield ind1="1" ind2=" " tag="100">
      <marc:subfield code="a">van den Speulhof, Barbara</marc:subfield>
      <marc:subfield code="4">aut</marc:subfield>
      <marc:subfield code="e">Verfasser/-in</marc:subfield>
   </marc:datafield>
   <marc:datafield ind1="0" ind2="0" tag="245">
      <marc:subfield code="a">Glubschis-Miss Crayon auf heißer Spur</marc:subfield>
   </marc:datafield>
   <marc:datafield ind1="0" ind2="0" tag="245">
      <marc:subfield code="c">van den Speulhof, Barbara</marc:subfield>
   </marc:datafield>
   <marc:datafield ind1=" " ind2="1" tag="264">
      <marc:subfield code="a">Düsseldorf</marc:subfield>
      <marc:subfield code="b">Boxine GmbH</marc:subfield>
      <marc:subfield code="c">2022</marc:subfield>
   </marc:datafield>
   <marc:datafield ind1="1" ind2=" " tag="490">
      <marc:subfield code="a">Glubschis</marc:subfield>
   </marc:datafield>
   <marc:datafield ind1="1" ind2=" " tag="520">
      <marc:subfield code="a">Kunterbunt, ausgeflippt und richtig liebenswert: Das sind die GLUBSCHIS!&#xD;
In Glitter Town, der Welt der niedlichen Glubschis, ist kein Tag wie der andere! Heute braucht Baako dringend Hilfe. Sein Bürgermeistermobil ist spurlos verschwunden. Wurde es gestohlen? Ein klarer Fall für Miss Crayon, die Hobbydetektivin. Wird sie, zusammen mit ihren besten Freunden Candypop und Samuli, den Fall lösen können?&#xD;
&#xD;
Ab 5 Jahre&#xD;
&#xD;
Titelliste:&#xD;
01 - Titelsong&#xD;
02 - Willkommen in der Welt der Glubschis&#xD;
03 - Schöne bunte Kleider&#xD;
04 - Lassis Café&#xD;
05 - Ein Besuch im Baako-Tower&#xD;
06 - Die Suche nach dem Schlüssel&#xD;
07 - Verschnaufpause&#xD;
08 - Captain Cools Sternwarte&#xD;
09 - Glitter Town von oben&#xD;
10 - Das Bürgermeistermobil&#xD;
11 - Enttarnt&#xD;
12 - Titelsong&#xD;
13 - Bonuskapitel: Kehre zurück nach Glittertown</marc:subfield>
   </marc:datafield>
   <marc:datafield ind1="3" ind2=" " tag="024">
      <marc:subfield code="a">4251192125934</marc:subfield>
   </marc:datafield>
   <marc:datafield ind1=" " ind2=" " tag="300">
      <marc:subfield code="a">1 Tonie-Figur (60')</marc:subfield>
   </marc:datafield>
</marc:record>
